[Event "Sao Paulo Salles Cup 11th"]
[Site "Sao Paulo"]
[Date "2017.03.26"]
[Round "5"]
[White "Gabriel, Claudiomar"]
[Black "Soares, Rodrigo Vieira"]
[Result "0-1"]
[WhiteElo "1589"]
[BlackElo "1815"]
[PlyCount "142"]
[EventDate "2017.03.24"]
[EventType "swiss (blitz)"]
[EventRounds "6"]
[EventCountry "BRA"]
[SourceTitle "CBM 177 Extra"]
[Source "ChessBase"]
[SourceDate "2017.04.27"]
[SourceVersion "1"]
[SourceVersionDate "2017.04.27"]
[SourceQuality "1"]

1. g3 c5 2. Bg2 Nc6 3. d3 g6 4. e4 Bg7 5. Nd2 Nf6 6. f4 e6 7. Ngf3 d6 8. 0-0 0-0 9. a4 b6 10. Ng5 Bb7 11. Nc4 h6 12. Nf3 a6 13. e5 dxe5 14. fxe5 Ne8 15. Re1 b5 16. axb5 axb5 17. Rxa8 Bxa8 18. Na3 Nc7 19. c3 Qd7 20. d4 cxd4 21. cxd4 Rd8 22. Nc2 b4 23. b3 Nb5 24. Bb2 Qb7 25. Nd2 Nc3 26. Qf3 Qa7 27. Qf2 Nxe5 28. Bxa8 Nd3 29. Ra1 Na2 30. Qf3 Nxb2 31. Be4 Bxd4+ 32. Kg2 Nc4 33. Nxc4 Bxa1 34. Nxa1 Nc3 35. Nc2 Nxe4 36. Qxe4 Qa2 37. N4e3 Qxb3 38. Qxb4 Qa2 39. Qe4 Rd2+ 40. Kh3 Re2 41. g4 Qb3 42. Kg3 Rxc2 43. Qxc2 Qxe3+ 44. Kg2 Qg5 45. h3 h5 46. Qc8+ Kg7 47. Qc3+ Qf6 48. Qc4 hxg4 49. hxg4 e5 50. Qd5 Qf4 51. Kh3 Qd4 52. Qc6 e4 53. Kg3 e3 54. Kf3 Qd2 55. g5 Qf2+ 56. Kg4 Qf5+ 57. Kh4 Qf4+ 58. Kh3 Qxg5 59. Qc3+ f6 60. Qc7+ Kh6 61. Qf7 Qf5+ 62. Kg2 Kg5 63. Qh7 Qg4+ 64. Kh2 Qh5+ 65. Qxh5+ gxh5 66. Kg2 f5 67. Kf3 f4 68. Ke2 h4 69. Kf1 h3 70. Kg1 f3 71. Kh1 e2 0-1

[Event "Sao Paulo Salles Cup 11th"]
[Site "Sao Paulo"]
[Date "2017.03.24"]
[Round "1"]
[White "Machado, Antonio Rodrigo"]
[Black "Soares, Rodrigo Vieira"]
[Result "1/2-1/2"]
[WhiteElo "1690"]
[BlackElo "1815"]
[PlyCount "112"]
[EventDate "2017.03.24"]
[EventType "swiss (blitz)"]
[EventRounds "6"]
[EventCountry "BRA"]
[SourceTitle "CBM 177 Extra"]
[Source "ChessBase"]
[SourceDate "2017.04.27"]
[SourceVersion "1"]
[SourceVersionDate "2017.04.27"]
[SourceQuality "1"]

1. e4 c5 2. Nf3 Nc6 3. d4 cxd4 4. Nxd4 g6 5. Nc3 Bg7 6. Be3 Nf6 7. f3 0-0 8. Qd2 d5 9. Nxc6 bxc6 10. 0-0-0 Be6 11. exd5 Nxd5 12. Bd4 Bxd4 13. Qxd4 Qb6 14. Nxd5 Bxd5 15. Bc4 Qxd4 16. Rxd4 e5 17. Rh4 Kg7 18. Bxd5 cxd5 19. Rb4 Rfb8 20. Rxb8 Rxb8 21. Re1 Kf6 22. c3 Ke6 23. a3 Kd6 24. b4 a5 25. Kb2 axb4 26. axb4 f5 27. Ra1 Kc6 28. Kc2 e4 29. Kd2 exf3 30. gxf3 d4 31. Ra7 dxc3+ 32. Kxc3 Kd5 33. Rxh7 Ke5 34. Rh4 g5 35. Rc4 Rb5 36. h4 gxh4 37. Rxh4 Rb8 38. f4+ Ke4 39. Kc4 Rc8+ 40. Kb3 Rb8 41. Kc4 Kf3 42. b5 Rc8+ 43. Kd5 Kg3 44. Rh7 Kxf4 45. b6 Ke3 46. Re7+ Kd3 47. b7 Rb8 48. Kc6 f4 49. Kc7 Rxb7+ 50. Kxb7 f3 51. Rd7+ Ke2 52. Re7+ Kf1 53. Kc6 f2 54. Kd5 Kg2 55. Rg7+ Kh2 56. Rf7 Kg2 1/2-1/2